| 000 | 00000nas 2200000za 4500 |
| 001 | 9.500897 |
| 003 | CaOODSP |
| 005 | 20210615082214 |
| 007 | cr ||||||||||| |
| 008 | 150406u1995uuuuonc x m o||||f0 b0fre|d |
| 040 | |aCaOODSP|bfre |
| 043 | |an-cn--- |
| 086 | 1 |aMP32-29F-IN |
| 245 | 00|aDocument de recherche (Canada. Développement des ressources humaines Canada. Direction générale de la recherche appliquée)|h[ressource électronique]. |
| 260 | |a[Ottawa] : |bDéveloppement des ressources humaines Canada. |
| 310 | |aIrrégulier |
| 691 | 07|aMarché du travail|2gcpds |
| 691 | 07|aPolitique gouvernementale|2gcpds |
| 691 | 07|aRecherche|2gcpds |
| 710 | 1 |aCanada.|bDéveloppement des ressources humaines Canada. |bDirection générale de la recherche appliquée. |
| 775 | 08|tResearch papers (Canada. Human Resources Development Canada. Applied Research Branch) |w(CaOODSP)9.504478 |
| 776 | 0#|tDocument de recherche |w(CaOODSP)9.513150 |